Every Song by Tears for Fears - Statistics

General Stats
  • This quiz has been taken 43 times
  • The average score is 16 of 104
Answer Stats
Album Song % Correct
Songs from the Big Chair(1985) Everybody Wants to Rule the World
91%
The Hurting(1983) Mad World
83%
Songs from the Big Chair(1985) Shout
83%
Songs from the Big Chair(1985) Head Over Heels
65%
The Seeds of Love(1989) Sowing the Seeds of Love
65%
The Hurting(1983) Change
61%
The Hurting(1983) Pale Shelter
52%
The Hurting(1983) The Hurting
52%
The Seeds of Love(1989) Woman in Chains
52%
Elemental(1993) Elemental
43%
Songs from the Big Chair(1985) Mothers Talk
43%
The Tipping Point(2022) The Tipping Point
43%
Songs from the Big Chair(1985) I Believe
39%
Songs from the Big Chair(1985) Broken
35%
Raoul and the Kings of Spain(1995) Raoul and the Kings of Spain
35%
Songs from the Big Chair(1985) The Working Hour
35%
Everybody Loves a Happy Ending(2004) Everybody Loves a Happy Ending
30%
The Hurting(1983) Suffer the Children
30%
The Seeds of Love(1989) Advice for the Young at Heart
26%
Songs for a Nervous Planet(2024) Astronaut
26%
The Seeds of Love(1989) Badman's Song
26%
Everybody Loves a Happy Ending(2004) Secret World
26%
Saturnine Martial & Lunatic(1996) The Big Chair
22%
Songs from the Big Chair(1985) Listen
22%
Elemental(1993) Cold
17%
The Hurting(1983) Memories Fade
17%
The Seeds of Love(1989) Year of the Knife
17%
Elemental(1993) Break It Down Again
13%
The Tipping Point(2022) Break the Man
13%
The Seeds of Love(1989) Famous Last Words
13%
Elemental(1993) Goodnight Song
13%
The Hurting(1983) Ideas as Opiates
13%
Raoul and the Kings of Spain(1995) Los Reyes Católicos
13%
Raoul and the Kings of Spain(1995) Los Reyes Católicos (Reprise)
13%
The Tipping Point(2022) My Demons
13%
The Seeds of Love(1989) Standing on the Corner of the Third World
13%
The Seeds of Love(1989) Swords and Knives
13%
Songs for a Nervous Planet(2024) The Girl That I Call Home
13%
The Hurting(1983) The Prisoner
13%
Saturnine Martial & Lunatic(1996) The Way You Are
13%
Raoul and the Kings of Spain(Bonus)(2009) All of the Angels
9%
Elemental(1993) Brian Wilson Said
9%
Everybody Loves a Happy Ending(2004) Call Me Mellow
9%
Everybody Loves a Happy Ending(2004) Closest Thing to Heaven
9%
Songs for a Nervous Planet(2024) Emily Said
9%
Elemental(1993) Gas Giants
9%
Rule the World: The Greatest Hits(2017) I Love You but I'm Lost
9%
Everybody Loves a Happy Ending(2004) Ladybird
9%
Elemental(1993) Mr. Pessimist
9%
Elemental(1993) Power
9%
Raoul and the Kings of Spain(Bonus)(2009) Queen of Compromise
9%
Songs for a Nervous Planet(2024) Say Goodbye to Mum And Dad
9%
Saturnine Martial & Lunatic(1996) Sea Song
9%
Everybody Loves a Happy Ending(2004) Size of Sorrow
9%
The Hurting(1983) Start of the Breakdown
9%
The Seeds of Love(B-Side)(1989) Tears Roll Down
9%
Everybody Loves a Happy Ending(2004) The Devil
9%
Saturnine Martial & Lunatic(1996) The Marauders
9%
The Hurting(1983) Watch Me Bleed
9%
Everybody Loves a Happy Ending(2004) Who You Are
9%
Saturnine Martial & Lunatic(1996) Bloodletting Go
4%
Elemental(1993) Dog's a Best Friend's Dog
4%
Raoul and the Kings of Spain(1995) Don't Drink the Water
4%
The Tipping Point(2022) End of Night
4%
Raoul and the Kings of Spain(1995) Falling Down
4%
Elemental(1993) Fish out of Water
4%
Secret World – Live in Paris(2006) Floating Down the River
4%
Raoul and the Kings of Spain(1995) God's Mistake
4%
Raoul and the Kings of Spain(1995) Humdrum and Humble
4%
Raoul and the Kings of Spain(1995) I Choose You
4%
The Seeds of Love(B-Side)(1989) Johnny Panic and the Bible of Dreams
4%
Everybody Loves a Happy Ending(2004) Killing with Kindness
4%
Everybody Loves a Happy Ending(2004) Last Days on Earth
4%
The Tipping Point(2022) Long, Long, Long Time
4%
The Tipping Point(2022) Master Plan
4%
Raoul and the Kings of Spain(1995) Me and My Big Ideas
4%
The Seeds of Love(B-Side)(1989) Music for Tables
4%
Saturnine Martial & Lunatic(1996) My Life in the Suicide Ranks
4%
Saturnine Martial & Lunatic(1996) New Star
4%
The Tipping Point(2022) No Small Thing
4%
Saturnine Martial & Lunatic(1996) Pharaohs
4%
The Tipping Point(2022) Please Be Happy
4%
Everybody Loves a Happy Ending(2004) Quiet Ones
4%
Raoul and the Kings of Spain(1995) Secrets
4%
Raoul and the Kings of Spain(1995) Sorry
4%
The Tipping Point(2022) Stay
4%
Saturnine Martial & Lunatic(1996) The Body Wah
4%
Raoul and the Kings of Spain(Bonus)(2009) The Madness of Roland
4%
Raoul and the Kings of Spain(Bonus)(2009) Until I Drown
4%
Raoul and the Kings of Spain(Bonus)(2009) War of Attrition
4%
Saturnine Martial & Lunatic(1996) When in Love With a Blind Man
4%
Everybody Loves a Happy Ending(2004) Who Killed Tangerine?
4%
The Seeds of Love(B-Side)(1989) Always in the Past
0%
Saturnine Martial & Lunatic(1996) Déjà-Vu and the Sins of Science
0%
Saturnine Martial & Lunatic(1996) Empire Building
0%
The Tipping Point(Bonus)(2022) Let It All Evolve
0%
Saturnine Martial & Lunatic(1996) Lord of Karma
0%
Everybody Loves a Happy Ending(Bonus)(2004) Out of Control
0%
Everybody Loves a Happy Ending(Bonus)(2004) Pullin' a Cloud
0%
The Tipping Point(2022) Rivers of Mercy
0%
Saturnine Martial & Lunatic(1996) Schrödinger's Cat
0%
The Tipping Point(Bonus)(2022) Secret Location
0%
The Tipping Point(Bonus)(2022) Shame (Cry Heaven)
0%
Raoul and the Kings of Spain(1995) Sketches of Pain
0%
No matching quizzes found
Score Distribution
Percent of People with Each Score
Percentile by Number Answered
Your Score History
You have not taken this quiz